000
00296nam a22001337a 4500
999
_c
524546
_d
524546
003
NUST
020
_c
(Hbk)
038
_a
M. Shaban
082
_a
333.7
_b
VER
100
_a
Verma, Satish Kumar
_9
15353
245
_a
Vatavaran chetna /
_c
Satish Kumar Verma
300
_a
86 p. ;
942
_2
ddc
_c
BK